[Event "Kingston Invitational Swiss"]
[Site "Kingston-upon-Thames"]
[Date "2025.08.12"]
[Round "1.5"]
[White "Lalic, Susan K"]
[Black "Frostick, Clive A"]
[Result "1-0"]
[WhiteElo "2204"]
[BlackElo "2095"]
[PlyCount "89"]
[EventDate "2025.08.12"]
[EventType "swiss"]
[EventRounds "9"]
[EventCountry "ENG"]

1. e4 c5 2. Nf3 Nc6 3. Bb5 Nf6 4. Nc3 g6 5. O-O Bg7 6. e5 Ng4 7. Bxc6 dxc6 8. Re1 O-O 9. d3 Nh6 10. h3 Nf5 11. Ne4 Nd4 12. Nxc5 Nxf3+ 13. Qxf3 Qa5 14. Qe3 Bh6 15. Nb3 Bxe3 16. Nxa5 Bb6 17. Nc4 Bc7 18. Bg5 Bd8 19. a4 Be6 20. b3 Re8 21. Bd2 Bc7 22. Bc3 Red8 23. Bb2 Kf8 24. Kh2 Ke8 25. f4 Kd7 26. Re2 Rg8 27. Rf1 Rae8 28. Ne3 Bb6 29. d4 f5 30. c4 Kc8 31. Rd1 Rd8 32. b4 a6 33. Red2 g5 34. g3 gxf4 35. gxf4 a5 36. bxa5 Bxa5 37. Rd3 Bb6 38. Bc1 Rg6 39. d5 Bxe3 40. Bxe3 cxd5 41. cxd5 Bd7 42. e6 Bxa4 43. Rc1+ Kb8 44. Bb6 Rc8 45. Ba7+ 1-0

[Event "Kingston Invitational Swiss"]
[Site "Kingston-upon-Thames"]
[Date "2025.08.12"]
[Round "1.6"]
[White "Verma, Aditya"]
[Black "Rudzinska, Michalina"]
[Result "1/2-1/2"]
[WhiteElo "2093"]
[BlackElo "2200"]
[PlyCount "100"]
[EventDate "2025.08.12"]
[EventType "swiss"]
[EventRounds "9"]
[EventCountry "ENG"]

1. e4 c5 2. Nf3 d6 3. d4 cxd4 4. Nxd4 Nf6 5. Nc3 a6 6. Be3 e6 7. Be2 Be7 8. O-O Nc6 9. a4 Bd7 10. f4 O-O 11. g4 Nxd4 12. Qxd4 Bc6 13. g5 Nd7 14. Qd2 Re8 15. h4 d5 16. exd5 exd5 17. Bf3 Bb4 18. Bd4 Qa5 19. Qg2 Bc5 20. Qf2 Bd6 21. Bg2 Nc5 22. b4 Qxb4 23. Rfb1 Qa5 24. Nb5 axb5 25. axb5 Qb6 26. bxc6 Rxa1 27. Rxa1 Qxc6 28. c4 Nb3 29. Bxd5 Qc8 30. c5 Nxa1 31. cxd6 Qg4+ 32. Bg2 Nb3 33. Be5 Nc1 34. Qd2 Ne2+ 35. Kf2 Ng3 36. d7 Rd8 37. Qa5 Ne4+ 38. Bxe4 Qxh4+ 39. Kg2 Qg4+ 40. Kf2 Qxd7 41. Bf3 Rc8 42. Qa2 b5 43. Qb2 Qd3 44. Qa1 f6 45. gxf6 Rc2+ 46. Kg3 Qg6+ 47. Kh3 Qh6+ 48. Kg4 Qg6+ 49. Kh3 Qf5+ 50. Kg3 Qg6+ 1/2-1/2

[Event "Kingston Invitational Swiss"]
[Site "Kingston-upon-Thames"]
[Date "2025.08.12"]
[Round "1.7"]
[White "Claverie, Raul"]
[Black "Bashylina, Luisa"]
[Result "1-0"]
[WhiteElo "2180"]
[BlackElo "2085"]
[PlyCount "125"]
[EventDate "2025.08.12"]
[EventType "swiss"]
[EventRounds "9"]
[EventCountry "ENG"]

1. e4 e5 2. Bc4 Nf6 3. d3 c6 4. Nf3 Be7 5. O-O d6 6. Re1 O-O 7. a4 Bg4 8. h3 Bh5 9. Nbd2 Nbd7 10. g4 Bg6 11. Nh4 d5 12. exd5 cxd5 13. Ba2 Rc8 14. Ndf3 e4 15. Nxg6 hxg6 16. dxe4 dxe4 17. Ng5 Ne5 18. Qxd8 Bxd8 19. Bf4 Nfd7 20. Bxe5 Bxg5 21. Bd4 Rxc2 22. Bb3 Rd2 23. Bc3 Rd3 24. Kg2 Bd2 25. Bxd2 Rxd2 26. Rxe4 Nc5 27. Rb4 Rxf2+ 28. Kxf2 Nd3+ 29. Kg2 Nxb4 30. Rd1 Na6 31. Ba2 Re8 32. Rd7 Re2+ 33. Kf3 Rxb2 34. Bxf7+ Kh7 35. Rd6 Rb6 36. Bxg6+ Kh6 37. Rxb6 axb6 38. Bc2 Kg5 39. Kg3 Nc5 40. h4+ Kf6 41. g5+ Kf7 42. Kf4 Ke6 43. Kg4 Kf7 44. Kh5 Kf8 45. Kg6 Ne6 46. Bd1 Nf4+ 47. Kh7 Ne6 48. Bf3 Nc5 49. Bd5 Nd3 50. h5 Nf4 51. Bf3 Ne6 52. Kg6 Nf4+ 53. Kf5 Nd3 54. Bd5 Nb4 55. Bxb7 Nc2 56. Be4 Nd4+ 57. Ke5 Nb3 58. Bc2 Nc5 59. Kd6 Kf7 60. Kc6 Na6 61. Bb3+ Kf8 62. Kxb6 Nb4 63. a5 1-0

[Event "Kingston Invitational Swiss"]
[Site "Kingston-upon-Thames"]
[Date "2025.08.12"]
[Round "1.8"]
[White "Makepeace, Philip J"]
[Black "Xian, Junhao"]
[Result "1-0"]
[WhiteElo "2081"]
[BlackElo "2159"]
[PlyCount "79"]
[EventDate "2025.08.12"]
[EventType "swiss"]
[EventRounds "9"]
[EventCountry "ENG"]

1. e4 c5 2. Nf3 e6 3. d3 Nc6 4. g3 d5 5. Qe2 Nf6 6. Bg2 Be7 7. O-O O-O 8. e5 Nd7 9. c4 d4 10. Re1 Rb8 11. h4 b5 12. cxb5 Rxb5 13. Na3 Rb8 14. Nc4 Ba6 15. Ng5 Bxc4 16. Bxc6 Bb5 17. Be4 g6 18. a4 Ba6 19. Nxh7 Re8 20. h5 g5 21. f4 Rb3 22. Ra3 Rxa3 23. bxa3 c4 24. Qg4 Nc5 25. Nf6+ Bxf6 26. exf6 Qxf6 27. fxg5 Qd8 28. h6 cxd3 29. h7+ Kg7 30. g6 Nxe4 31. gxf7+ Kxf7 32. Rxe4 e5 33. Qh5+ Kg7 34. Bg5 Qb6 35. Qxe8 Qb1+ 36. Kh2 Qc2+ 37. Kh3 Bc8+ 38. g4 Kxh7 39. Qf7+ Kh8 40. Bf6# 1-0

[Event "Kingston Invitational Swiss"]
[Site "Kingston-upon-Thames"]
[Date "2025.08.12"]
[Round "1.9"]
[White "Villiers, Thomas"]
[Black "Farrand, Tom"]
[Result "0-1"]
[WhiteElo "2156"]
[BlackElo "2077"]
[PlyCount "86"]
[EventDate "2025.08.12"]
[EventType "swiss"]
[EventRounds "9"]
[EventCountry "ENG"]

1. e4 c5 2. Nf3 e6 3. d4 cxd4 4. Nxd4 Nf6 5. Bd3 Nc6 6. Nxc6 dxc6 7. O-O e5 8. Qe2 Bc5 9. Bg5 h6 10. Bh4 Qe7 11. Nd2 g5 12. Bg3 Bg4 13. Nf3 Nd7 14. h3 Bh5 15. Rfd1 Rg8 16. Bc4 O-O-O 17. Rd3 Nb6 18. Bb3 Rxd3 19. Qxd3 Rd8 20. Qe2 f6 21. Rd1 Rxd1+ 22. Qxd1 a5 23. a4 Qd7 24. Qxd7+ Kxd7 25. Nh2 Ke7 26. Ng4 Bxg4 27. hxg4 Nc8 28. Kf1 b5 29. f3 Nb6 30. axb5 cxb5 31. Ke2 a4 32. Bg8 b4 33. Kd3 Kd6 34. Bf7 Bg1 35. Be1 Kc5 36. Bd2 Bf2 37. Bc1 Kb5 38. Be8+ Kc5 39. Bf7 Kb5 40. Bd2 Bg1 41. Be8+ Kc5 42. Be1 Nc4 43. c3 b3 0-1

[Event "Kingston Invitational Swiss"]
[Site "Kingston-upon-Thames"]
[Date "2025.08.12"]
[Round "1.10"]
[White "Verma, Shlok"]
[Black "Keane, Graham D J"]
[Result "1-0"]
[WhiteElo "2076"]
[BlackElo "2146"]
[PlyCount "105"]
[EventDate "2025.08.12"]
[EventType "swiss"]
[EventRounds "9"]
[EventCountry "ENG"]

1. d4 d6 2. e4 Nf6 3. Nc3 g6 4. Be3 c6 5. Nf3 Nbd7 6. h3 Bg7 7. a4 O-O 8. a5 e5 9. dxe5 Nxe5 10. Nxe5 dxe5 11. Qxd8 Rxd8 12. Bc4 Re8 13. O-O Be6 14. Bxe6 Rxe6 15. Rfd1 Bf8 16. f3 Rd6 17. Na4 Rxd1+ 18. Rxd1 Be7 19. Rd3 Kg7 20. g4 Rd8 21. Bxa7 Rxd3 22. cxd3 Nd7 23. d4 Bb4 24. Nb6 Nxb6 25. Bxb6 f6 26. dxe5 fxe5 27. Bc7 Kf6 28. Kf2 Bc5+ 29. Kg3 g5 30. h4 h6 31. Bd8+ Kg6 32. hxg5 hxg5 33. Kg2 Be3 34. Kf1 Kf7 35. Ke2 Bc1 36. b3 Ke6 37. Kd3 Kd6 38. Bb6 Kd7 39. Kc4 Bd2 40. b4 Bc1 41. b5 cxb5+ 42. Kxb5 Bd2 43. Bf2 Kc7 44. Bg3 Bc3 45. Kc5 Bxa5 46. Bxe5+ Kd7 47. Bf6 Bd2 48. Kb6 Ke6 49. Bd4 Bf4 50. Kxb7 Be5 51. Bxe5 Kxe5 52. Kc6 Kf4 53. Kd6 1-0

[Event "Kingston Invitational Swiss"]
[Site "Kingston-upon-Thames"]
[Date "2025.08.12"]
[Round "1.11"]
[White "Osborne, Marcus E"]
[Black "Han, Qixiang"]
[Result "0-1"]
[WhiteElo "2142"]
[BlackElo "2070"]
[PlyCount "102"]
[EventDate "2025.08.12"]
[EventType "swiss"]
[EventRounds "9"]
[EventCountry "ENG"]

1. d4 d5 2. c4 dxc4 3. Nf3 Nf6 4. e3 Bg4 5. Bxc4 e6 6. Nc3 Nc6 7. h3 Bh5 8. O-O Bd6 9. Bb5 O-O 10. Bxc6 bxc6 11. e4 Bb4 12. Re1 c5 13. g4 Bg6 14. Bg5 cxd4 15. Nxd4 c5 16. Nc6 Qc7 17. Nxb4 cxb4 18. Bxf6 gxf6 19. Ne2 Rad8 20. Qc1 Qxc1 21. Raxc1 Rd2 22. Ng3 Rfd8 23. h4 h6 24. Rc7 Rxb2 25. Rxa7 Rdd2 26. Rf1 Rd4 27. Re1 Kg7 28. Ra8 h5 29. gxh5 Bh7 30. Ra7 Rdd2 31. Rf1 f5 32. exf5 exf5 33. h6+ Kf6 34. Nh5+ Kg6 35. Nf4+ Kxh6 36. Rxf7 Rd4 37. Rf6+ Kg7 38. Nh5+ Kg8 39. f4 Rdd2 40. Rc1 Rg2+ 41. Kh1 Bg6 42. Rc8+ Kh7 43. Rc7+ Kh6 44. Ng7 Rgd2 45. Nxf5+ Kh5 46. Rc1 Rh2+ 47. Kg1 Rbg2+ 48. Kf1 Be8 49. Rh6+ Kg4 50. Nd4 Kh3 51. Nf3 Rh1+ 0-1

[Event "Kingston Invitational Swiss"]
[Site "Kingston-upon-Thames"]
[Date "2025.08.12"]
[Round "1.12"]
[White "Kothari, Jai"]
[Black "Eames, Robert S"]
[Result "1-0"]
[WhiteElo "2051"]
[BlackElo "2136"]
[PlyCount "81"]
[EventDate "2025.08.12"]
[EventType "swiss"]
[EventRounds "9"]
[EventCountry "ENG"]

1. e4 c5 2. Nc3 Nc6 3. Bb5 Nd4 4. Nf3 a6 5. Bd3 g6 6. b4 cxb4 7. Nd5 Bg7 8. Nxd4 Bxd4 9. Rb1 e6 10. Nxb4 a5 11. c3 Ba7 12. Nc2 d5 13. Bb5+ Kf8 14. exd5 Qxd5 15. O-O Kg7 16. c4 Qd6 17. Bb2+ f6 18. d4 Bb8 19. g3 h5 20. Ba3 Qc7 21. d5 exd5 22. cxd5 Bg4 23. Qd2 h4 24. d6 Qd8 25. Qf4 Nh6 26. Nd4 g5 27. Qxg4 Nxg4 28. Ne6+ Kh6 29. Nxd8 Rxd8 30. d7 Bc7 31. Be7 Rg8 32. Be2 Ne5 33. Rxb7 Bd8 34. Bd6 Nf7 35. Ba3 f5 36. Bc4 Rg7 37. Bf8 Ne5 38. Be2 Kg6 39. Bxg7 Kxg7 40. Rc1 Kf6 41. Rc8 1-0

[Event "Kingston Invitational Swiss"]
[Site "Kingston-upon-Thames"]
[Date "2025.08.12"]
[Round "1.13"]
[White "Healey, Michael W"]
[Black "Agrawal, Shivam"]
[Result "0-1"]
[WhiteElo "2135"]
[BlackElo "2047"]
[PlyCount "70"]
[EventDate "2025.08.12"]
[EventType "swiss"]
[EventRounds "9"]
[EventCountry "ENG"]

1. e4 c6 2. d4 d5 3. Nc3 dxe4 4. Nxe4 Bf5 5. Ng3 Bg6 6. h4 h6 7. Be3 Nf6 8. Bd3 Bxd3 9. Qxd3 e6 10. N1e2 Nbd7 11. O-O-O Be7 12. Kb1 Qa5 13. Bd2 Qc7 14. c4 O-O 15. Nf4 Rfd8 16. Qe2 Bf8 17. Bc1 Rab8 18. Rhe1 b5 19. c5 Re8 20. Nd3 e5 21. dxe5 Nxc5 22. Nxc5 Bxc5 23. Nf5 Bb4 24. Qf3 Bxe1 25. Rxe1 Rbd8 26. Nxh6+ Kf8 27. Qg3 Nd5 28. Nf5 f6 29. f4 Qd7 30. Nd6 Re6 31. Ne4 Nb4 32. Re3 Qd1 33. Rc3 Rd3 34. Qf2 Rxc3 35. Nxc3 Qxc1+ 0-1

[Event "Kingston Invitational Swiss"]
[Site "Kingston-upon-Thames"]
[Date "2025.08.12"]
[Round "1.14"]
[White "Waddington, Mike P"]
[Black "Achour, Mohamed Anis"]
[Result "1/2-1/2"]
[WhiteElo "2034"]
[BlackElo "2126"]
[PlyCount "50"]
[EventDate "2025.08.12"]
[EventType "swiss"]
[EventRounds "9"]
[EventCountry "ENG"]

1. e4 e5 2. Nf3 Nc6 3. d4 exd4 4. Nxd4 Nf6 5. Nxc6 bxc6 6. e5 Qe7 7. Qe2 Nd5 8. c4 Nb6 9. b3 a5 10. Ba3 Qe6 11. Bxf8 Kxf8 12. Nd2 a4 13. Rd1 axb3 14. axb3 g6 15. g3 d6 16. exd6 cxd6 17. Qxe6 Bxe6 18. Bg2 d5 19. O-O Kg7 20. cxd5 cxd5 21. Nf3 Bg4 22. h3 Bxf3 23. Bxf3 Ra3 24. Bxd5 Nxd5 25. Rxd5 Rxb3 1/2-1/2

[Event "Kingston Invitational Swiss"]
[Site "Kingston-upon-Thames"]
[Date "2025.08.12"]
[Round "1.15"]
[White "Wilson, Ewan"]
[Black "Han, Qixuan"]
[Result "1-0"]
[WhiteElo "2020"]
[BlackElo "1896"]
[PlyCount "91"]
[EventDate "2025.08.12"]
[EventType "swiss"]
[EventRounds "9"]
[EventCountry "ENG"]

1. e4 c5 2. Nf3 d6 3. Bb5+ Nd7 4. c3 Ngf6 5. Qe2 a6 6. Ba4 b5 7. Bc2 Bb7 8. d4 e6 9. O-O Be7 10. a4 O-O 11. Nbd2 cxd4 12. cxd4 Qc7 13. Bd3 bxa4 14. Rxa4 Nb6 15. Ra1 a5 16. Nb1 e5 17. Nc3 exd4 18. Nxd4 Nbd7 19. Bf4 Ne5 20. Rfd1 Rfd8 21. Nf5 Bf8 22. Bg5 Ned7 23. Bc4 Bc6 24. Rac1 Rdc8 25. Ba2 Qb7 26. f3 Qb8 27. Qd2 a4 28. Qf4 Qxb2 29. Nh6+ gxh6 30. Bxf6 Nxf6 31. Qxf6 Ra7 32. Rb1 Qa3 33. Bd5 Be8 34. Nb5 Qe3+ 35. Kh1 Bxb5 36. Rxb5 Rc1 37. Rb1 Rxb1 38. Rxb1 Rc7 39. h3 Rc1+ 40. Kh2 Rc7 41. Rb8 Qc3 42. Bxf7+ Rxf7 43. Qxc3 h5 44. Qc4 Kg7 45. Qd5 h6 46. Rb7 1-0

[Event "Kingston Invitational Swiss"]
[Site "Kingston-upon-Thames"]
[Date "2025.08.12"]
[Round "1.16"]
[White "Cowan, Xavier"]
[Black "Andal, Edmond"]
[Result "0-1"]
[WhiteElo "1854"]
[BlackElo "2011"]
[PlyCount "68"]
[EventDate "2025.08.12"]
[EventType "swiss"]
[EventRounds "9"]
[EventCountry "ENG"]

1. d4 a6 2. c4 b5 3. e3 Bb7 4. Nf3 b4 5. Bd3 Nf6 6. Nbd2 c5 7. O-O e6 8. e4 cxd4 9. e5 Ng4 10. h3 h5 11. Ne4 Nh6 12. Nxd4 Nc6 13. Nxc6 Bxc6 14. Qxh5 Qc7 15. Be3 Be7 16. c5 g6 17. Qe2 Qxe5 18. Bxh6 Rxh6 19. Qd2 Rh4 20. Nd6+ Bxd6 21. cxd6 Qxd6 22. Qg5 Qd5 23. Qg3 Rh5 24. f4 Qd4+ 25. Rf2 Ke7 26. Kh2 Rah8 27. Bxa6 Rc5 28. a3 bxa3 29. Rxa3 Rc1 30. Bf1 Rh5 31. Be2 Rhc5 32. Bf3 Bb5 33. Be2 Bxe2 34. Rxe2 Qg1# 0-1

[Event "Kingston Invitational Swiss"]
[Site "Kingston-upon-Thames"]
[Date "2025.08.12"]
[Round "1.17"]
[White "Bates, Caspar J"]
[Black "Pirgon, Joshua"]
[Result "1-0"]
[WhiteElo "2010"]
[BlackElo "1849"]
[PlyCount "65"]
[EventDate "2025.08.12"]
[EventType "swiss"]
[EventRounds "9"]
[EventCountry "ENG"]

1. d4 Nf6 2. c4 e6 3. e3 d5 4. Nc3 c6 5. Nf3 Nbd7 6. Bd3 dxc4 7. Bxc4 b5 8. Bb3 b4 9. Ne2 Ba6 10. O-O Bd6 11. Re1 O-O 12. Ng3 g6 13. e4 e5 14. Bh6 Qe7 15. Bxf8 Nxf8 16. dxe5 Bxe5 17. Nxe5 Qxe5 18. Qd2 c5 19. f4 Qc7 20. Rad1 c4 21. Qd6 Qb6+ 22. Qxb6 axb6 23. Bc2 Bb5 24. Rd6 N6d7 25. Bb1 Ne6 26. f5 Nec5 27. e5 gxf5 28. Nxf5 Nd3 29. Bxd3 cxd3 30. Nd4 d2 31. Rd1 Nxe5 32. Nxb5 Nc4 33. Rd4 1-0

[Event "Kingston Invitational Swiss"]
[Site "Kingston-upon-Thames"]
[Date "2025.08.12"]
[Round "1.18"]
[White "Gajowniczek, Maks"]
[Black "Fegan, Chris"]
[Result "1-0"]
[WhiteElo "1847"]
[BlackElo "1994"]
[PlyCount "65"]
[EventDate "2025.08.12"]
[EventType "swiss"]
[EventRounds "9"]
[EventCountry "ENG"]

1. Nf3 d5 2. c4 e6 3. d4 Nf6 4. Nc3 Be7 5. Bf4 c6 6. e3 O-O 7. h3 h6 8. Qc2 Nbd7 9. g4 Qa5 10. g5 hxg5 11. Bxg5 Bb4 12. Nd2 Nh7 13. Bf4 c5 14. Bd3 f5 15. O-O-O Nb6 16. Bd6 cxd4 17. Nb3 Qa6 18. cxd5 Nc4 19. Bxc4 Qxd6 20. dxe6 Bxc3 21. e7+ Be6 22. exf8=Q+ Nxf8 23. Bxe6+ Nxe6 24. Qxc3 Qf8 25. Qa5 dxe3 26. fxe3 f4 27. Qe5 Re8 28. Rhf1 f3 29. Kb1 b6 30. Nd4 Nxd4 31. Qxd4 f2 32. e4 Qf3 33. Rxf2 1-0

[Event "Kingston Invitational Swiss"]
[Site "Kingston-upon-Thames"]
[Date "2025.08.12"]
[Round "1.19"]
[White "Taylor, William J"]
[Black "Razhnou, Lev"]
[Result "1-0"]
[WhiteElo "1985"]
[BlackElo "1821"]
[PlyCount "87"]
[EventDate "2025.08.12"]
[EventType "swiss"]
[EventRounds "9"]
[EventCountry "ENG"]

1. e4 e6 2. d4 d5 3. Nd2 c5 4. exd5 exd5 5. Ngf3 Nf6 6. Bb5+ Nc6 7. O-O Bd6 8. Re1+ Be6 9. dxc5 Bxc5 10. Nb3 Qb6 11. Nxc5 Qxc5 12. Nd4 O-O 13. Bxc6 bxc6 14. Nxe6 fxe6 15. Rxe6 Rad8 16. c3 d4 17. cxd4 Rxd4 18. Qb3 Qd5 19. Be3 Qxb3 20. axb3 Rd3 21. b4 Nd5 22. Bc5 Rd8 23. g3 Rb3 24. Rxa7 Rxb2 25. Rxc6 Rb1+ 26. Kg2 h6 27. Rg6 Nf6 28. Rgxg7+ Kh8 29. Rgf7 Nh5 30. Rh7+ Kg8 31. Rad7 Rxd7 32. Rxd7 Nf6 33. Rb7 Ne4 34. Be3 h5 35. b5 Nd6 36. Rb8+ Kf7 37. b6 Nc4 38. Kf3 Nxe3 39. Kxe3 Ke7 40. b7 Kd7 41. Rh8 Rxb7 42. Rh7+ Kc6 43. Rxb7 Kxb7 44. Kf4 1-0

[Event "Kingston Invitational Swiss"]
[Site "Kingston-upon-Thames"]
[Date "2025.08.12"]
[Round "1.20"]
[White "Kumar, Arnav"]
[Black "Stevenson, James"]
[Result "0-1"]
[WhiteElo "1814"]
[BlackElo "1969"]
[PlyCount "46"]
[EventDate "2025.08.12"]
[EventType "swiss"]
[EventRounds "9"]
[EventCountry "ENG"]

1. e4 e5 2. Nf3 d6 3. d4 exd4 4. Nxd4 Nf6 5. Nc3 Be7 6. f3 O-O 7. Be3 Nbd7 8. Qd2 c6 9. O-O-O Qc7 10. Nf5 Bd8 11. Qxd6 Qa5 12. Qg3 Nh5 13. Qf2 Bf6 14. Bd4 Ne5 15. g4 Nf4 16. h4 Bxf5 17. exf5 Rfd8 18. Qe3 Nd5 19. Nxd5 Qxd5 20. Bg2 Nc4 21. Qe2 Bxd4 22. c3 Be3+ 23. Kb1 Qb5 0-1

[Event "Kingston Invitational Swiss"]
[Site "Kingston-upon-Thames"]
[Date "2025.08.12"]
[Round "1.21"]
[White "Skettos, Nicolas"]
[Black "Keen, Maya"]
[Result "1-0"]
[WhiteElo "1968"]
[BlackElo "1805"]
[PlyCount "93"]
[EventDate "2025.08.12"]
[EventType "swiss"]
[EventRounds "9"]
[EventCountry "ENG"]

1. e4 c5 2. Nf3 d6 3. c3 Nf6 4. h3 Nc6 5. Bd3 e6 6. Bc2 Be7 7. O-O O-O 8. Re1 h6 9. a3 a6 10. d4 Re8 11. Qe2 Bf8 12. e5 Nd7 13. Qe4 f5 14. exf6 Nxf6 15. Qg6 Ne7 16. Qd3 b5 17. Nbd2 c4 18. Qe2 Ned5 19. Ne4 g6 20. Nxf6+ Qxf6 21. Qe4 Qf5 22. Qxf5 gxf5 23. Bxf5 Bd7 24. Be4 Rab8 25. Nh4 Ne7 26. Bf4 Nf5 27. Ng6 Rb6 28. Bxf5 exf5 29. Nxf8 Kxf8 30. Bxh6+ Kf7 31. Rxe8 Bxe8 32. Re1 Bc6 33. Bg5 Rb7 34. Bf4 Rd7 35. f3 Rd8 36. Kf2 Bd5 37. h4 Rd7 38. Kg3 a5 39. Bg5 Rb7 40. Bd8 Ra7 41. Kf4 Ra8 42. Re7+ Kf8 43. Rd7 Ke8 44. Rxd6 Rxd8 45. Rxd8+ Kxd8 46. Kxf5 Kd7 47. Kf6 1-0

[Event "Kingston Invitational Swiss"]
[Site "Kingston-upon-Thames"]
[Date "2025.08.12"]
[Round "1.22"]
[White "Kumar, Sachin"]
[Black "Young, Daniel J"]
[Result "0-1"]
[WhiteElo "1800"]
[BlackElo "1958"]
[PlyCount "96"]
[EventDate "2025.08.12"]
[EventType "swiss"]
[EventRounds "9"]
[EventCountry "ENG"]

1. e4 c5 2. Nf3 d6 3. d4 cxd4 4. Nxd4 Nf6 5. Nc3 a6 6. f3 e5 7. Nb3 Be6 8. Be3 h5 9. h4 Nbd7 10. Be2 b5 11. Bf2 Be7 12. Qd2 Rc8 13. Nd1 Qc7 14. Ne3 Nb6 15. c3 g6 16. Rd1 d5 17. exd5 Nbxd5 18. Qc1 Nf4 19. Bf1 O-O 20. g3 N4d5 21. Be2 Rfd8 22. O-O Bf8 23. Ng2 e4 24. Nf4 Nxf4 25. Qxf4 Qxf4 26. gxf4 Nd5 27. fxe4 Nxf4 28. Bf3 Bh3 29. Rfe1 Nd3 30. Re3 Nxb2 31. Rxd8 Rxd8 32. Bxh5 Be6 33. Bf3 Nc4 34. Re2 Rd3 35. Bg2 Rxc3 36. Bd4 Rd3 37. Bf2 Ne5 38. Nc1 Rd1+ 39. Re1 Rxe1+ 40. Bxe1 Bh6 41. Nb3 Nd3 42. Bc3 Nc1 43. Nxc1 Bxc1 44. e5 Bxa2 45. Bb4 Be3+ 46. Kh1 Bb6 47. Bf1 a5 48. Bc3 b4 0-1

[Event "Kingston Invitational Swiss"]
[Site "Kingston-upon-Thames"]
[Date "2025.08.12"]
[Round "1.23"]
[White "Hughes, Anthony"]
[Black "Eckert, Jonathan"]
[Result "1-0"]
[WhiteElo "1930"]
[BlackElo "1770"]
[PlyCount "65"]
[EventDate "2025.08.12"]
[EventType "swiss"]
[EventRounds "9"]
[EventCountry "ENG"]

1. c4 f5 2. Nc3 Nf6 3. d3 e5 4. g3 Be7 5. Bg2 O-O 6. e4 fxe4 7. dxe4 Nc6 8. Nge2 Bc5 9. O-O d6 10. h3 Be6 11. Nd5 Qd7 12. Kh2 Nd4 13. Be3 c6 14. Nxf6+ Rxf6 15. b4 Bb6 16. Nxd4 Bxd4 17. Bxd4 exd4 18. Qxd4 Bxh3 19. Bxh3 Rh6 20. g4 Qxg4 21. Qe3 Qh4 22. Rae1 Rf8 23. Qg3 Qf6 24. c5 dxc5 25. bxc5 Qd4 26. Qe3 Qe5+ 27. f4 Qh5 28. f5 Rd8 29. Rf2 Rd4 30. Qg3 Qe8 31. Rg2 Qd7 32. f6 Rd3 33. f7+ 1-0

[Event "Kingston Invitational Swiss"]
[Site "Kingston-upon-Thames"]
[Date "2025.08.12"]
[Round "1.24"]
[White "Mistry, Jaden"]
[Black "Rice, Chris B"]
[Result "0-1"]
[WhiteElo "1768"]
[BlackElo "1926"]
[PlyCount "78"]
[EventDate "2025.08.12"]
[EventType "swiss"]
[EventRounds "9"]
[EventCountry "ENG"]

1. e4 c6 2. d4 d5 3. exd5 cxd5 4. Bd3 Nc6 5. c3 Qc7 6. Nf3 Bg4 7. Be3 e6 8. h3 Bh5 9. Nbd2 Nf6 10. b4 Bd6 11. a4 O-O 12. O-O e5 13. dxe5 Nxe5 14. Qc2 Nxf3+ 15. Nxf3 Bxf3 16. gxf3 Be5 17. Bd4 Bxd4 18. cxd4 Qxc2 19. Bxc2 Rac8 20. Bd3 Rc3 21. Rfd1 Rfc8 22. b5 g6 23. Ra2 Nh5 24. h4 Nf4 25. Rad2 Ra3 26. Rc2 Rxc2 27. Bxc2 Rc3 28. Rd2 b6 29. Bd1 Kf8 30. Kh2 Ke7 31. Kg3 Ne6 32. Be2 Ra3 33. Bd1 Rc3 34. Be2 Kd6 35. Kg4 h5+ 36. Kg3 Rb3 37. Bd3 Rb4 38. f4 Rxd4 39. f3 Nc5 0-1

[Event "Kingston Invitational Swiss"]
[Site "Kingston-upon-Thames"]
[Date "2025.08.12"]
[Round "1.25"]
[White "Adams, Mark A"]
[Black "Bhatia, Jai"]
[Result "0-1"]
[WhiteElo "1912"]
[BlackElo "1708"]
[PlyCount "27"]
[EventDate "2025.08.12"]
[EventType "swiss"]
[EventRounds "9"]
[EventCountry "ENG"]

1. e4 e5 2. Nf3 Nc6 3. d4 exd4 4. Bc4 Na5 5. Bxf7+ Kxf7 6. Ne5+ Ke6 7. Qh5 Qf6 8. Ng4 Qg6 9. Qd5+ Ke7 10. Bg5+ Nf6 11. f3 Nc6 12. e5 Qxg5 13. exf6+ gxf6 14. O-O 0-1

[Event "Kingston Invitational Swiss"]
[Site "Kingston-upon-Thames"]
[Date "2025.08.12"]
[Round "1.26"]
[White "Lin, William"]
[Black "Gosling, Marcus"]
[Result "0-1"]
[WhiteElo "1678"]
[BlackElo "1909"]
[PlyCount "102"]
[EventDate "2025.08.12"]
[EventType "swiss"]
[EventRounds "9"]
[EventCountry "ENG"]

1. e4 c6 2. d4 d5 3. exd5 cxd5 4. Bd3 Nc6 5. c3 Qc7 6. Ne2 Bg4 7. f3 Bd7 8. Bf4 e5 9. dxe5 Nxe5 10. O-O Bd6 11. Bxe5 Bxe5 12. f4 Bd6 13. Re1 Ne7 14. Qd2 O-O 15. b4 Qb6+ 16. Kh1 g6 17. a4 a5 18. b5 Rfe8 19. Na3 Bxa3 20. Rxa3 Qf2 21. Raa1 Nf5 22. Rf1 Qe3 23. Ra2 Nh4 24. Qxe3 Rxe3 25. Rd1 Rae8 26. Kg1 Bg4 27. Rdd2 Rxd3 28. Rxd3 Bxe2 29. Rdd2 Bc4 30. Ra1 Re3 31. Rc1 h5 32. Kf2 Nf5 33. Rb2 b6 34. g3 Kg7 35. Rd2 Kf6 36. Rb2 Re6 37. Re1 Rxe1 38. Kxe1 Nd6 39. Kd2 Ne4+ 40. Kc2 Nc5 41. Kd2 Nxa4 42. Rb1 Nc5 43. Re1 a4 44. Re8 a3 45. Kc2 a2 46. Kb2 Na4+ 47. Ka1 Nxc3 48. Rb8 Nxb5 49. Rxb6+ Kf5 50. h3 Nd4 51. Kb2 Nc2 0-1

[Event "Kingston Invitational Swiss"]
[Site "Kingston-upon-Thames"]
[Date "2025.08.12"]
[Round "1.27"]
[White "Atanasiu, Sorin Marian"]
[Black "Rowson, David J"]
[Result "0-1"]
[WhiteElo "1524"]
[BlackElo "2025"]
[PlyCount "57"]
[EventDate "2025.08.12"]
[EventType "swiss"]
[EventRounds "9"]
[EventCountry "ENG"]

1. e4 e5 2. f4 Bc5 3. Nf3 d6 4. Nc3 Nf6 5. d4 exd4 6. Nxd4 O-O 7. Be2 Re8 8. Qd3 Bb4 9. Bf3 Bxc3+ 10. bxc3 Nxe4 11. O-O Nf6 12. Rb1 Nbd7 13. Ba3 Nb6 14. c4 c6 15. Rbd1 Bg4 16. Nb3 Bxf3 17. Rxf3 d5 18. cxd5 cxd5 19. Bb2 Nc4 20. Ba1 Qe7 21. Rg3 Rad8 22. Qf5 Rd6 23. Qg5 g6 24. Rh3 Qe2 25. Rc1 Ne3 26. Bxf6 Rxf6 27. Rb1 Rxf4 28. Rf3 Rg4 29. Rf2 0-1

[Event "Kingston Invitational Swiss"]
[Site "Kingston-upon-Thames"]
[Date "2025.08.12"]
[Round "2.1"]
[White "Makepeace, Philip J"]
[Black "Grave, Jacob Templen"]
[Result "0-1"]
[WhiteElo "2081"]
[BlackElo "2366"]
[PlyCount "116"]
[EventDate "2025.08.12"]
[EventType "swiss"]
[EventRounds "9"]
[EventCountry "ENG"]

1. Nf3 Nf6 2. d4 d5 3. g3 e6 4. Bg2 Be7 5. O-O O-O 6. c4 c6 7. Qc2 b6 8. b3 Bb7 9. Bb2 Nbd7 10. Ne5 Rc8 11. Nxd7 Qxd7 12. c5 bxc5 13. dxc5 Qc7 14. b4 a5 15. a3 Ba6 16. Re1 Rb8 17. Nd2 e5 18. Nf3 e4 19. Be5 Qd7 20. Nd4 Ra8 21. b5 Bxb5 22. Nxb5 cxb5 23. c6 Qe6 24. Bd4 Rfc8 25. Rec1 Ra6 26. c7 Ne8 27. Qb2 Qd7 28. e3 b4 29. a4 Rxc7 30. Bf1 Rxc1 31. Rxc1 Rh6 32. Qc2 Bf8 33. Qc8 Qxa4 34. Ra1 Qc6 35. Qxc6 Rf6 36. Qd6 Rxd6 37. Rxa5 Rc6 38. Ra7 Nc7 39. Ba1 Ne6 40. Rb7 Rb6 41. Rd7 b3 42. Bb2 Bd6 43. Be2 Kf8 44. Bd1 Nc5 45. Rd8+ Ke7 46. Ra8 Nd3 47. Bxg7 b2 48. Ra7+ Ke6 49. Bxb2 Rxb2 50. Bg4+ f5 51. Bh5 Be7 52. Ra6+ Bd6 53. Ra7 Nxf2 54. Rxh7 Bc5 55. Rh6+ Ke7 56. Rh7+ Kf6 57. Rf7+ Kg5 58. g4 fxg4 0-1